Problèmes d'une sociologie du roman / (Registro nro. 122700)

Detalles MARC
000 -LEADER
campo de control de longitud fija 00793nam a2200229 i 4500
001 - NÚMERO DE CONTROL
campo de control 122700
003 - IDENTIFICADOR DE NÚMERO DE CONTROL
campo de control ES-MaACL
005 - FECHA Y HORA DE LA ÚLTIMA TRANSACCIÓN
campo de control 20250801143536.0
007 - CAMPO FIJO DE DESCRIPCIÓN FÍSICA--INFORMACIÓN GENERAL
campo de control de longitud fija t|
008 - DATOS DE LONGITUD FIJA--INFORMACIÓN GENERAL
campo de control de longitud fija 070214s1963 be r ||||1| fre d
245 00 - MENCIÓN DEL TÍTULO
Título Problèmes d'une sociologie du roman /
Mención de responsabilidad, etc. L. Goldmann... [etc.].
250 ## - MENCION DE EDICION
Mención de edición 3e éd.
260 ## - PUBLICACIÓN, DISTRIBUCIÓN, ETC.
Lugar de publicación, distribución, etc. Bruxelles :
Nombre del editor, distribuidor, etc. Université Libre, Institut de Sociologie,
Fecha de publicación, distribución, etc. 1963.
300 ## - DESCRIPCIÓN FÍSICA
Extensión 126 h. ;
Dimensiones 24 cm.
500 ## - NOTA GENERAL
Nota general Separata de: Revue de l'Institut de Sociologie, 1963 (2)
650 07 - PUNTO DE ACCESO ADICIONAL DE MATERIA--TÉRMINO DE MATERIA
Término de materia o nombre geográfico como elemento de entrada Literatura y sociedad
Fuente del encabezamiento o término embne
9 (RLIN) 14679
650 #4 - PUNTO DE ACCESO ADICIONAL DE MATERIA--TÉRMINO DE MATERIA
Término de materia o nombre geográfico como elemento de entrada Novela-
Subdivisión cronológica S.XX-
Subdivisión general Historia y crítica.
9 (RLIN) 15605
700 1# - ENTRADA AGREGADA--NOMBRE PERSONAL
Nombre de persona Goldmann, Lucien.
9 (RLIN) 57672
710 2# - ENTRADA AGREGADA--NOMBRE DE ENTIDAD CORPORATIVA
Nombre de entidad corporativa o nombre de jurisdicción como elemento de entrada Université Libre de Bruxelles.
Unidad subordinada Institut de Sociologie.
9 (RLIN) 7494
852 ## - LOCALIZACIÓN
Ubicación ES-MaACL
Número de control de estantería E-6995
Sublocalización o colección R.91493
Existencias
Estatus retirado Estado de pérdida Estado de daño No para préstamo Biblioteca de origen Biblioteca actual Ubicación en estantería Fecha de adquisición Fuente de adquisición Total de préstamos Signatura topográfica completa Código de barras Visto por última vez Precio de reemplazo Tipo de ítem Koha
        Biblioteca del Ateneo de Madrid Biblioteca del Ateneo de Madrid Depósito 2 17/01/2008     E-6995 1127854 23/02/2023 23/02/2023 Libro impreso